|
|
|
|
| LEADER |
03338cam a2200829 i 4500 |
| 001 |
nkc20203243428 |
| 003 |
CZ PrNK |
| 005 |
20201125143105.0 |
| 007 |
ta |
| 008 |
200720s2020 xr ah e 001 0 cze d |
| 015 |
|
|
|a cnb003243428
|
| 020 |
|
|
|a 978-80-7476-186-7
|q (Togga ;
|q brožováno)
|
| 020 |
|
|
|a 978-80-7035-755-2
|q (Národní galerie Praha ;
|q brožováno)
|
| 035 |
|
|
|a (OCoLC)1226360157
|
| 040 |
|
|
|a OSA001
|b cze
|d OLA001
|e rda
|
| 041 |
1 |
|
|a cze
|a eng
|h cze
|
| 043 |
|
|
|a e-xr---
|
| 045 |
|
|
|a x-x-
|
| 072 |
|
7 |
|a 7.01/.09
|x Umění
|2 Konspekt
|9 21
|
| 080 |
|
|
|a 2-264-051
|2 MRF
|
| 080 |
|
|
|a 629.7.07
|2 MRF
|
| 080 |
|
|
|a 003.628+7.045
|2 MRF
|
| 080 |
|
|
|a 7.04
|2 MRF
|
| 080 |
|
|
|a 72/76(437.3)
|2 MRF
|
| 080 |
|
|
|a 7.036/.038
|2 MRF
|
| 080 |
|
|
|a (437.3)
|2 MRF
|
| 080 |
|
|
|a (0:82-4)
|2 MRF
|
| 100 |
1 |
|
|a Bendová, Eva,
|d 1976-
|7 xx0076089
|4 aut
|
| 245 |
1 |
0 |
|a Impossible heroes :
|b Icarus and Phaeton as the emblematic figures of modern man = Nemístní hrdinové : Íkaros a Faetón jako emblematické figury moderního člověka /
|c Eva Bendová, Václav Hájek, Lubomír Konečný, Ondřej Váša ; translations Joanne Domin, Robin Cassling, David Vichnar
|
| 246 |
3 |
0 |
|a Icarus and Phaeton as the emblematic figures of modern man
|
| 246 |
3 |
0 |
|a Íkaros a Faetón jako emblematické figury moderního člověka
|
| 246 |
3 |
1 |
|a Nemístní hrdinové
|
| 246 |
1 |
4 |
|a Icarus x Phaeton
|
| 250 |
|
|
|a 1. vydání
|
| 264 |
|
1 |
|a Praha :
|b Togga :
|b Národní galerie Praha,
|c 2020
|
| 300 |
|
|
|a 284 stran :
|b ilustrace (některé barevné), faksimile ;
|c 18 cm
|
| 336 |
|
|
|a text
|b txt
|2 rdacontent
|
| 337 |
|
|
|a bez média
|b n
|2 rdamedia
|
| 338 |
|
|
|a svazek
|b nc
|2 rdacarrier
|
| 504 |
|
|
|a Obsahuje bibliografii, bibliografické odkazy a rejstřík
|
| 546 |
|
|
|a Souběžný anglický text
|
| 600 |
0 |
7 |
|a Íkaros
|c (mytologická postava)
|7 jo20201091956
|2 czenas
|
| 600 |
0 |
7 |
|a Faethón
|c (mytologická postava)
|7 jo20201091970
|2 czenas
|
| 648 |
|
7 |
|a 20. století
|7 ch460558
|2 czenas
|
| 650 |
0 |
7 |
|a mytologické postavy
|7 ph123082
|2 czenas
|
| 650 |
0 |
7 |
|a létání
|7 ph122523
|2 czenas
|
| 650 |
0 |
7 |
|a emblémy
|7 ph135812
|2 czenas
|
| 650 |
0 |
7 |
|a ikonografie
|7 ph121030
|2 czenas
|
| 650 |
0 |
7 |
|a české výtvarné umění
|7 ph116865
|y 20. století
|2 czenas
|
| 650 |
0 |
7 |
|a moderní umění
|7 ph115340
|z Česko
|2 czenas
|
| 650 |
0 |
9 |
|a mythological characters
|2 eczenas
|
| 650 |
0 |
9 |
|a flying
|2 eczenas
|
| 650 |
0 |
9 |
|a emblems
|2 eczenas
|
| 650 |
0 |
9 |
|a iconography
|2 eczenas
|
| 650 |
0 |
9 |
|a Czech art
|y 20th century
|2 eczenas
|
| 650 |
0 |
9 |
|a modern art
|z Czechia
|2 eczenas
|
| 655 |
|
7 |
|a eseje
|7 fd132213
|2 czenas
|
| 655 |
|
9 |
|a essays
|2 eczenas
|
| 700 |
1 |
|
|a Hájek, Václav,
|d 1974 srpen 9.-
|7 mzk2007423741
|4 aut
|
| 700 |
1 |
|
|a Konečný, Lubomír,
|d 1946-
|7 jn99240000484
|4 aut
|
| 700 |
1 |
|
|a Váša, Ondřej
|7 mzk2007417153
|4 aut
|
| 700 |
1 |
|
|a Domin, Joanne
|7 ola2016916310
|4 trl
|
| 700 |
1 |
|
|a Cassling, Robin,
|d 1967-
|7 xx0081675
|4 trl
|
| 700 |
1 |
|
|a Vichnar, David,
|d 1983-
|7 pag2010583435
|4 trl
|
| 700 |
1 |
2 |
|a Bendová, Eva,
|d 1976-
|t Nemístní hrdinové
|
| 700 |
1 |
2 |
|a Bendová, Eva,
|d 1976-
|t Nemístní hrdinové.
|l Anglicky
|
| 910 |
2 |
|
|a BOA001
|b 1-1451.865
|
| 920 |
|
|
|a 006456386
|z OSA001
|
| 990 |
|
|
|a BK
|
| 995 |
|
|
|a 01
|
| 991 |
|
|
|b 202011
|c NOV
|
| 996 |
6 |
|
|b 2610842839
|c 1-1451.865
|l MZK
|r Sklad / do 1 hodiny
|n 3
|p p.v.
|w 001832459
|u 000010
|a 1
|e BOA001
|j MZK50
|s P
|